Introduction to thermodynamics: classical and statistical (Record no. 1209958)

MARC details
000 -LEADER
fixed length control field 00989nam a2200301Ia 4500
003 - CONTROL NUMBER IDENTIFIER
control field OSt
005 - DATE AND TIME OF LATEST TRANSACTION
control field 20221007122222.0
008 - FIXED-LENGTH DATA ELEMENTS--GENERAL INFORMATION
fixed length control field 221006b |||||||| |||| 00| 0 eng d
020 ## - INTERNATIONAL STANDARD BOOK NUMBER
International Standard Book Number 0471614270 (hbd)
037 ## - SOURCE OF ACQUISITION
Terms of availability Textbook
040 ## - CATALOGING SOURCE
Original cataloging agency PAPL
Transcribing agency PAPL
Language of cataloging eng
041 ## - LANGUAGE CODE
Source of code eng
Language code of text/sound track or separate title eng
100 ## - MAIN ENTRY--PERSONAL NAME
Personal name Sonntag Richard E
9 (RLIN) 713721
245 #0 - TITLE STATEMENT
Title Introduction to thermodynamics: classical and statistical
250 ## - EDITION STATEMENT
Edition statement 3
260 ## - PUBLICATION, DISTRIBUTION, ETC.
Place of publication, distribution, etc. New
Name of publisher, distributor, etc. York John Wiley & Sons
Date of publication, distribution, etc. 1991
300 ## - PHYSICAL DESCRIPTION
Extent xviii,771+v.p. Included with Floppy
Dimensions cm.
500 ## - GENERAL NOTE
General note Appendix A-B 625-765p; Index I-1-I-5p
650 ## - SUBJECT ADDED ENTRY--TOPICAL TERM
Topical term or geographic name entry element Statistical thermodynamcis
9 (RLIN) 713722
650 ## - SUBJECT ADDED ENTRY--TOPICAL TERM
Topical term or geographic name entry element Thermodynamics
650 ## - SUBJECT ADDED ENTRY--TOPICAL TERM
Topical term or geographic name entry element Physics
942 ## - ADDED ENTRY ELEMENTS (KOHA)
Classification part C4:7, N1;7-;8 Carpa
Koha item type Textbook
Source of classification or shelving scheme Colon Classification (CC)
Holdings
Withdrawn status Lost status Source of classification or shelving scheme Damaged status Not for loan Home library Current library Date acquired Source of acquisition Cost, normal purchase price Total Checkouts Full call number Barcode Date last seen Cost, replacement price Price effective from Koha item type
    Colon Classification (CC)     Department of Physics and Astrophysics Library Department of Physics and Astrophysics Library 2022-10-07 0085, 26/11/2007, Dhanraj Book House 9420.25   C4:7 N1;7-;8 Carpa PA0006062 2022-10-07 9420.25 2022-10-07 Textbook
Copyright @ Delhi University Library System